Statistics for Record-Holding Roller Coasters

Click here to take the quiz!

General Stats

  • This quiz has been taken 154 times
    (9 since last reset)
  • The average score is 16 of 30

Answer Stats

HintAnswer% Correct
456 ftKingda Ka
89%
128 mphKingda Ka
89%
6,602 ftFury 325
78%
95 mphFury 325
78%
325 ftFury 325
78%
6,595 ftMillennium Force
78%
93 mphMillennium Force
78%
310 ftMillennium Force
78%
95 mphSteel Dragon 2000
78%
8,133.2 ftSteel Dragon 2000
78%
318.3 ftSteel Dragon 2000
78%
149.1 mphFormula Rossa
67%
6,804.5 ftFormula Rossa
67%
367.3 ftRed Force
67%
111.8 mphRed Force
67%
306 ftLeviathan
44%
92 mphLeviathan
44%
287 ftOrion
44%
91 mphOrion
44%
7,361 ftThe Beast
44%
420 ftTop Thrill 2
44%
120 mphTop Thrill 2
44%
305 ftProject 305
33%
5,740 ftSteel Vengeance
33%
100 mphSuperman: Escape from Krypton
33%
415 ftSuperman: Escape from Krypton
33%
6,072 ftIncredicoaster
22%
5,843 ftDesperado
11%
6,708.7 ftFujiyama
11%
6,442 ftThe Voyage
11%

Score Distribution

Percentile by Number Answered

Percent of People with Each Score

Your Score History

You have not taken this quiz since the last reset